| 000 | 01383pam a2200397 a 4500 | ||
|---|---|---|---|
| 001 | 4163 | ||
| 003 | FISKH | ||
| 005 | 20250205154828.0 | ||
| 008 | 941027s1995 nyua b 000 1 eng | ||
| 010 | _a 94040891 | ||
| 020 | _a0679866949 | ||
| 020 | _a0679966943 (GLB) | ||
| 040 |
_aDLC _cDLC _dDLC _beng |
||
| 042 | _alcac | ||
| 050 | _aPZ7.P2197 | ||
| 082 | _a813.54 | ||
| 100 | 1 | _aPark, Barbara. | |
| 245 | 1 | 0 |
_aJunie B. Jones and the yucky blucky fruitcake / _cby Barbara Park ; illustrated by Denise Brunkus. |
| 250 | _aFirst Scholastic printing, November 1999 | ||
| 260 |
_aNew York : _bScholastic, _c1995. |
||
| 300 |
_a71 pages : _billustrations ; _c20 cm |
||
| 490 | 1 |
_aThe Junie B. Jones series ; _vBook 5 |
|
| 500 | _a"A first stepping stone book." | ||
| 520 | _aJunie, a spunky, sometimes exasperating, kindergartener, looks forward to winning lots of prizes at the school carnival, but a fruit cake was not exactly what she had in mind. | ||
| 521 |
_a490
_bLexile |
||
| 521 |
_aJ
_bRaz-Plus |
||
| 650 | 1 |
_aKindergarten _xFiction. |
|
| 650 | 1 |
_aSchools _xFiction. |
|
| 650 | 1 |
_aCarnivals _xFiction. |
|
| 650 | 1 |
_aBehavior _xFiction. |
|
| 700 | 1 |
_aBrunkus, Denise, _eillustrator |
|
| 800 | 1 |
_aPark, Barbara. _tJunie B. Jones series ; _v#5. |
|
| 906 |
_a7 _bcbc _corignew _d1 _eocip _f19 _gy-gencatlg |
||
| 942 |
_2ddc _cBK _n0 |
||
| 999 |
_c4163 _d4163 |
||